000 00383nam a2200169Ia 4500
001 18763
003 IN-NITTTR
005 20251114233218.0
008 251113s9999||||xx |||||||||||||| ||eng||
040 _beng
040 _cIN-NITTTR
041 _aeng
082 _a823 W815P
100 _aWodehouse, P. G.
245 0 _aPsmith in the city. /
_cWodehouse, P. G.
942 _2ddc
_cBK
999 _c21397
_d21397